[Event "Sofia MGU op 172nd"]
[Site "Sofia"]
[Date "2016.09.18"]
[Round "6"]
[White "Ignatov, Bojidar"]
[Black "Gelemerov, Yane"]
[Result "1/2-1/2"]
[WhiteElo "1931"]
[BlackElo "2002"]
[PlyCount "154"]
[EventDate "2016.09.17"]
[EventType "swiss"]
[EventRounds "6"]
[EventCountry "BUL"]
[SourceTitle "CBM 174 Extra"]
[Source "ChessBase"]
[SourceDate "2016.10.10"]
[SourceVersion "1"]
[SourceVersionDate "2016.10.10"]
[SourceQuality "1"]

1. d4 Nf6 2. c4 d6 3. Nc3 Nbd7 4. e4 e5 5. d5 Be7 6. Be2 0-0 7. Nf3 a5 8. 0-0 b6 9. Bd2 Nc5 10. Qc2 Ne8 11. Ne1 Bg5 12. Nd3 Nxd3 13. Qxd3 h6 14. Rfb1 f5 15. f3 Bxd2 16. Qxd2 f4 17. Nd1 Nf6 18. b4 axb4 19. Rxb4 Nd7 20. a4 Ra5 21. Rb5 Rxb5 22. cxb5 g5 23. Nf2 h5 24. h3 Nc5 25. Ra3 Nb7 26. Rc3 Bd7 27. Qc2 Nc5 28. Nd3 Qa8 29. Nxc5 bxc5 30. Ra3 Qa5 31. Qc3 Ra8 32. Qxa5 Rxa5 33. Kf2 Kf7 34. Bc4 Ke7 35. Ra1 Kd8 36. Ke2 Kc8 37. Kd3 Kb7 38. Kc3 Kb6 39. Kb3 Ra8 40. Rh1 Rg8 41. Be2 Bc8 42. Kc4 Ka5 43. Bd1 Kb6 44. Be2 Rg7 45. Ra1 Ka5 46. Rh1 Bd7 47. Bd1 Kb6 48. Be2 g4 49. hxg4 hxg4 50. Rh8 gxf3 51. Bxf3 Bg4 52. Rb8+ Ka7 53. Rd8 Bxf3 54. gxf3 Rg1 55. a5 Rc1+ 56. Kd3 Rb1 57. b6+ cxb6 58. Rxd6 b5 59. Re6 c4+ 60. Kc2 Ra1 61. d6 Kb7 62. Rxe5 Rxa5 63. Rc5 Ra2+ 64. Kc3 Ra3+ 65. Kb4 Rxf3 66. Kxb5 Rd3 67. e5 f3 68. Kxc4 Rd2 69. Rc7+ Kb6 70. Rf7 f2 71. Kc3 Rd5 72. Rxf2 Rxe5 73. Kd4 Rh5 74. Rc2 Rh4+ 75. Kd5 Rh5+ 76. Ke6 Rh6+ 77. Ke7 Rh7+ 1/2-1/2